Rural credit in western India, 1875-1930: (Record no. 17812)
[ view plain ]
| 000 -LEADER | |
|---|---|
| fixed length control field | 00990cam a2200289 4500 |
| 001 - CONTROL NUMBER | |
| control field | 3134897 |
| 003 - CONTROL NUMBER IDENTIFIER | |
| control field | BDDh-ASL |
| 005 - DATE AND TIME OF LATEST TRANSACTION | |
| control field | 20231015025637.0 |
| 008 - FIXED-LENGTH DATA ELEMENTS--GENERAL INFORMATION | |
| fixed length control field | 701231s1970 caub b 001 0 eng |
| 010 ## - LIBRARY OF CONGRESS CONTROL NUMBER | |
| LC control number | 72094986 |
| 020 ## - INTERNATIONAL STANDARD BOOK NUMBER | |
| International Standard Book Number | 0520015959 |
| 040 ## - CATALOGING SOURCE | |
| Original cataloging agency | DLC |
| Transcribing agency | DLC |
| Modifying agency | BDDh-ASL |
| 043 ## - GEOGRAPHIC AREA CODE | |
| Geographic area code | a-ii--- |
| 050 00 - LIBRARY OF CONGRESS CALL NUMBER | |
| Classification number | HG2051.I5 |
| Item number | B643 |
| 082 00 - DEWEY DECIMAL CLASSIFICATION NUMBER | |
| Classification number | 307.1412 |
| Item number | CAR |
| 100 1# - MAIN ENTRY--PERSONAL NAME | |
| Personal name | Catanach, I. J. |
| Fuller form of name | (Ian James), |
| Dates associated with a name | 1934-2009. |
| 245 10 - TITLE STATEMENT | |
| Title | Rural credit in western India, 1875-1930: |
| Remainder of title | rural credit and the co-operative movement in the Bombay Presidency / |
| Statement of responsibility, etc. | [by] I. J. Catanach. |
| 260 ## - PUBLICATION, DISTRIBUTION, ETC. | |
| Place of publication, distribution, etc. | Berkeley: |
| Name of publisher, distributor, etc. | University of California Press, |
| Date of publication, distribution, etc. | 1970. |
| 300 ## - PHYSICAL DESCRIPTION | |
| Extent | xi, 269 p.: |
| Other physical details | map.; |
| Dimensions | 24 cm. |
| 350 ## - PRICE (NR) (BK AM CF MU VM SE) [OBSOLETE] | |
| Price | $8.75 |
| 504 ## - BIBLIOGRAPHY, ETC. NOTE | |
| Bibliography, etc. note | Bibliography: p. 241-258. |
| 650 #0 - SUBJECT ADDED ENTRY--TOPICAL TERM | |
| Topical term or geographic name entry element | Agricultural credit |
| Geographic subdivision | India |
| -- | Bombay (State) |
| 650 #0 - SUBJECT ADDED ENTRY--TOPICAL TERM | |
| Topical term or geographic name entry element | Cooperative societies |
| Geographic subdivision | India |
| -- | Bombay (State) |
| 650 #0 - SUBJECT ADDED ENTRY--TOPICAL TERM | |
| Topical term or geographic name entry element | Rural credit |
| Geographic subdivision | India |
| -- | Bombay (State) |
| 906 ## - LOCAL DATA ELEMENT F, LDF (RLIN) | |
| a | 7 |
| b | cbc |
| c | orignew |
| d | 2 |
| e | ncip |
| f | 19 |
| g | y-gencatlg |
| 942 ## - ADDED ENTRY ELEMENTS (KOHA) | |
| Source of classification or shelving scheme | Dewey Decimal Classification |
| Koha item type | Books |
| Withdrawn status | Lost status | Source of classification or shelving scheme | Damaged status | Not for loan | Collection code | Home library | Current library | Shelving location | Date acquired | Source of acquisition | Total Checkouts | Full call number | Barcode | Date last seen | Copy number | Price effective from | Koha item type | Public note |
|---|---|---|---|---|---|---|---|---|---|---|---|---|---|---|---|---|---|---|
| Dewey Decimal Classification | Not For Loan | Non-fiction | Asiatic Society Library | Asiatic Society Library | Harrison Collection | 09/09/2020 | Donated by Prof. John B. Harrison | 307.1412 CAR | 100943 | 09/09/2020 | C-1 | 09/09/2020 | Books | RARE | ||||
| Dewey Decimal Classification | Not For Loan | Non-fiction | Asiatic Society Library | Asiatic Society Library | Ludden Collection | 12/24/2020 | Donated by Prof. David Ludden | 307.1412 CAR | 103474 | 12/24/2020 | C-2 | 12/24/2020 | Books | RARE |